banner-ar

العجز المتعلم : (Record no. 60118)

MARC details
000 -الفاتح
حقل البيانات ثابتة الطول 00923nam a22002537a 4500
005 - وقت وتاريخ اخر تعامل مع التسجيلة
رقم الضبط 20240530110353.0
008 - عناصر البيانات ثابتة الطول - معلومات عامة
حقل البيانات ثابتة الطول 141229s2009 ua g b 00| 0 ara d
017 ## - رقم الايداع القانونى
رقم الايداع القانونى 13746
المصدر ( الهيئة المختصة) مصر . دار الكتب
020 ## - الرقم الدولى المعيارى للكتب
الرقم الدولى المعيارى للكتاب 9770526185
040 ## - مصدر الفهرسة
وكالة الفهرسة الأصلية EG-CaGPL
041 0# - رمز اللغة
رمز لغة النص/ المسارات الصوتية أو العنوان الانفرادي ara
082 04 - رقم تصنيف ديوى العشرى
رقم الطبعة 21
رقم التصنيف 370.15\
رقم المادة ا ع
100 0# - المدخل الرئيسى - إسم شخصى
الإسم الشخصى الفرحاتى السيد محمود
245 12 - بيان العنوان
العنوان العجز المتعلم :
بقية العنوان سياقاتة و قضاياة التربوية و الاجتماعية /
بيان المسئوليه,etc الفرحاتى السيد محمود
250 ## - بيان الطبعة
بيان الطبعة ط1
260 ## - PUBLICATION, DISTRIBUTION, ETC. (IMPRINT)
تاريخ النشر أو التوزيع 2009
300 ## - الوصف المادى
التعداد 423 ص ؛
تفاصيل ماديه اخرى للوعاء 24 سم
504 ## - تبصرة ببليوجرافية
تبصرة ببليوجرافية,الخ ببليوجرافية : ص379 - 423
650 04 - المدخل الاضافى بالموضوع-مصطلح موضوعى
مصطلح موضوعي علم النفس التربوى
650 04 - المدخل الاضافى بالموضوع-مصطلح موضوعى
مصطلح موضوعي التعليم
التقسيم الفرعي العام طرق التدريس
650 04 - المدخل الاضافى بالموضوع-مصطلح موضوعى
مصطلح موضوعي صعوبات التعلم
942 ## - عناصر المدخل الإضافي( كوها)
مصدر التصنيف او مخطط الترفيف Dewey Decimal Classification
Koha [default] item type كتاب
260 ## - PUBLICATION, DISTRIBUTION, ETC. (IMPRINT)
-- القاهرة :
-- مكتبة الانجلو المصرية ،
Holdings
حالة التراجع حالة الفقد حالة تلف ليس للاعارة المكان المؤقت الموقع الحالى تاريخ الاكتساب اجمالي اﻻعارات رقم الطلب الباركود تاريخ اخر مشاهدة تاريخ تفعيل السعر نوع وعاء كوها
        مكتبة القاهرة الكبرى مكتبة القاهرة الكبرى 12/29/2014   370.15\ ا ع 159111 12/29/2014 12/29/2014 كتاب

Powered By

EGPV